Complete the TV Series Title #1 - Statistics

General Stats
  • This quiz has been taken 480 times
  • The average score is 11 of 15
Answer Stats
Hint Answer % Correct
Breaking______ Bad
100%
Game of_________ Thrones
99%
How I Met Your________ Mother
97%
The Big Bang_______ Theory
97%
The Vampire________ Diaries
94%
Doctor_____ Who
87%
Downton________ Abbey
83%
Two and a half_______ Men
82%
Desperate_________ Housewives
79%
The Fresh_______ Prince
65%
True B________ Blood
60%
Everybody Loves___________ Raymond
54%
Planet________ Earth
37%
Fawlty_________ Towers
37%
Super________ Natural
26%
No matching quizzes found
Score Distribution
Percent of People with Each Score
Percentile by Number Answered
Your Score History
You have not taken this quiz